000 00466nam a22001697a 4500
005 20180813152339.0
008 160613b xxu||||| |||| 00| 0 eng d
020 _a81-7829-252-1
041 _aeng
082 _b7278
_a155
100 _aSaraswathi, T.S.
_91805
245 _aCross Cultural perspectives in Human Development :theory research and applications
260 _bSage Publication
_anew delhi
300 _a388p,
650 _aManagement
_9241
942 _cBK
999 _c2540
_d2539